<?xml version="1.0" encoding="UTF-8"?>
<record
    xmlns:xsi="http://www.w3.org/2001/XMLSchema-instance"
    xsi:schemaLocation="http://www.loc.gov/MARC21/slim http://www.loc.gov/standards/marcxml/schema/MARC21slim.xsd"
    xmlns="http://www.loc.gov/MARC21/slim">

  <leader>01639cam a22002653a 4500</leader>
  <controlfield tag="001">31754</controlfield>
  <controlfield tag="003">PGUSA</controlfield>
  <controlfield tag="005">20140828083703.0</controlfield>
  <controlfield tag="008">100324s2010||||xxu|||||s|||||000 1 eng d</controlfield>
  <datafield tag="040" ind1=" " ind2=" ">
    <subfield code="a">PGUSA</subfield>
    <subfield code="b">eng</subfield>
  </datafield>
  <datafield tag="042" ind1=" " ind2=" ">
    <subfield code="a">dc</subfield>
  </datafield>
  <datafield tag="050" ind1=" " ind2="4">
    <subfield code="a">PN</subfield>
  </datafield>
  <datafield tag="245" ind1="1" ind2="0">
    <subfield code="a">Devil Stories :</subfield>
    <subfield code="b">An Anthology</subfield>
    <subfield code="h">[electronic resource]</subfield>
  </datafield>
  <datafield tag="260" ind1=" " ind2=" ">
    <subfield code="b">Project Gutenberg,</subfield>
    <subfield code="c">2010</subfield>
  </datafield>
  <datafield tag="505" ind1="0" ind2=" ">
    <subfield code="a">The devil in a nunnery, by F.O. Mann -- Belphagor; or, The marriage of the devil, by N. Machiavelli -- The devil and Tom Walker, by W. Irving -- From the memoirs of Satan, by W. Hauff -- St. John's eve, by N.V. G&#xF3;gol; tr. by Isabel F. Hapgood -- The devil's wager, by W.M. Thackeray -- The painter's bargain, by W.M. Thackeray -- Bon-Bon, by E.A. Poe -- The printer's devil, anonymous -- The devil's mother-in-law, by F. Caballero; tr. by J.H. Ingram -- The generous gambler, by C.P. Baudelaire; tr. by A. Symons -- The three low masses, by A. Daudet; tr. by R. Routledge -- Devil-puzzlers, by F.B. Perkins -- The devil's round, by C. Deulin; tr. by Isabel Bruce -- The legend of Mont St.-Michel, by G. de Maupassant -- The demon pope, by R. Garnett -- Madam Lucifer, by R. Garnett -- Lucifer, by A. France; tr. by A. Allinson -- The devil, by M. G&#xF3;rky; tr. by L. Wiener -- The devil and the old man, by J. Masefield.</subfield>
  </datafield>
  <datafield tag="506" ind1=" " ind2=" ">
    <subfield code="a">Public domain in the USA.</subfield>
  </datafield>
  <datafield tag="516" ind1=" " ind2=" ">
    <subfield code="a">Electronic text</subfield>
  </datafield>
  <datafield tag="653" ind1=" " ind2=" ">
    <subfield code="a">Short stories</subfield>
  </datafield>
  <datafield tag="653" ind1=" " ind2=" ">
    <subfield code="a">Devil -- Fiction</subfield>
  </datafield>
  <datafield tag="653" ind1=" " ind2=" ">
    <subfield code="a">Devil in literature</subfield>
  </datafield>
  <datafield tag="700" ind1="1" ind2=" ">
    <subfield code="a">Rudwin, Maximilian J.</subfield>
    <subfield code="q">(Maximilian Josef),</subfield>
    <subfield code="d">1885-</subfield>
  </datafield>
  <datafield tag="830" ind1=" " ind2="0">
    <subfield code="a">Project Gutenberg</subfield>
    <subfield code="v">31754</subfield>
  </datafield>
  <datafield tag="856" ind1="4" ind2="0">
    <subfield code="u">http://www.gutenberg.org/ebooks/31754</subfield>
  </datafield>
  <datafield tag="942" ind1=" " ind2=" ">
    <subfield code="c">EB</subfield>
  </datafield>
  <datafield tag="999" ind1=" " ind2=" ">
    <subfield code="c">261009</subfield>
    <subfield code="d">261009</subfield>
  </datafield>
  <datafield tag="952" ind1=" " ind2=" ">
    <subfield code="0">0</subfield>
    <subfield code="1">0</subfield>
    <subfield code="4">0</subfield>
    <subfield code="a">GTB</subfield>
    <subfield code="b">GTB</subfield>
    <subfield code="d">2014-08-28</subfield>
    <subfield code="l">0</subfield>
    <subfield code="r">2014-08-28 00:00:00</subfield>
    <subfield code="w">2014-08-28</subfield>
    <subfield code="y">EB</subfield>
  </datafield>
</record>
